| 000 | 01096nam a2200289 a 4500 | ||
|---|---|---|---|
| 001 | 18833588 | ||
| 008 | 170526s2016 ||||||||||||||||| || u | ||
| 010 | _a2015955830 | ||
| 020 | _a9781473925342 | ||
| 020 | _a9781473925359 (pbk) | ||
| 020 | _a1473925355 (pbk) | ||
| 020 | _a1473925347 | ||
| 050 | _aRA 761 War | ||
| 100 | _aWard, Deborah | ||
| 245 | 1 | 0 |
_aMicrobiology and infection prevention and control for nursing students _cDeborah Ward _h[unmediated] |
| 260 |
_aLos Angeles: _bSAGE Publications _c2016 |
||
| 300 | _aix, 187 pages.: illustrations | ||
| 350 | _a37.00 | ||
| 490 | _aTransforming nursing practice | ||
| 500 | _aIncludes bibliographical references (pages 175-179) and index. | ||
| 650 | 3 | _aMICROBIOLOGICAL PHENOMENA | |
| 650 | 0 | _aMEDICAL MICROBIOLOGY | |
| 650 | 0 | _aINFECTION--PREVENTION | |
| 650 | 3 | _aINFECTION CONTROL | |
| 650 | 0 | _aNOSOCOMIAL INFECTIONS--PREVENTION | |
| 995 |
_aMICHAEL CHILUFYA SATA OPEN ACCESS _e904054 _FCBU-SCHOOL OF MEDICINE LIBRARY (Ndola) _I37.00 _jRA 761 War _M1 _UAVAILABLE _WMay 24, 2017 _y904054 _ZMedical Library Open Access Collection |
||
| 999 |
_c32070 _d32070 |
||